An Introduction to the Old Testament (Record no. 11359)

MARC details
000 -LEADER
fixed length control field 00643nam a2200241 a 4500
001 - CONTROL NUMBER
control field 0001-1359
003 - CONTROL NUMBER IDENTIFIER
control field ELIB.Books
008 - FIXED-LENGTH DATA ELEMENTS--GENERAL INFORMATION
fixed length control field 151028 2010 eng
020 ## - INTERNATIONAL STANDARD BOOK NUMBER
International Standard Book Number 080062078X
035 ## - SYSTEM CONTROL NUMBER
System control number (ELIB.Books)0001-1514
092 ## - LOCALLY ASSIGNED DEWEY CALL NUMBER (OCLC)
Classification number 221.6
Item number Laf
100 ## - MAIN ENTRY--PERSONAL NAME
Personal name Laffey, Alice L.
245 ## - TITLE STATEMENT
Title An Introduction to the Old Testament
Remainder of title : A Feminist Perspective
260 ## - PUBLICATION, DISTRIBUTION, ETC. (IMPRINT)
Place of publication, distribution, etc. Philadelphia
Name of publisher, distributor, etc. Fortress Press
Date of publication, distribution, etc. 1988
300 ## - PHYSICAL DESCRIPTION
Extent 243
Dimensions 21.5 Cm
500 ## - GENERAL NOTE
General note C/o Par Si Thu
650 ## - SUBJECT ADDED ENTRY--TOPICAL TERM
Topical term or geographic name as entry element Old Testament
856 ## - ELECTRONIC LOCATION AND ACCESS
Name of location of host KBTS: Library
Uniform Resource Identifier <a href="KBTS: Elib">KBTS: Elib</a>
942 ## - ADDED ENTRY ELEMENTS (KOHA)
Source of classification or shelving scheme Dewey Decimal Classification
Koha item type Books
990 ## - EQUIVALENCES OR CROSS-REFERENCES [LOCAL, CANADA]
Link information for 9XX fields 1
998 ## - LOCAL CONTROL INFORMATION (RLIN)
Cataloger's initials, CIN (RLIN) bat
-- 2015-10-28
Holdings
Withdrawn status Lost status Source of classification or shelving scheme Damaged status Not for loan Home library Current library Date acquired Total Checkouts Barcode Date last seen Bill Date Koha item type
    Dewey Decimal Classification     Karen Baptist Theological Seminary Library Karen Baptist Theological Seminary Library 28/10/2015   E000015802 22/01/2022 22/01/2022 Books
Implemented & Customized by: BestBookBuddies

Powered by Koha